000 00535cam a2200157 4500500
005 20260322004545.0
041 _afre
042 _adc
100 1 0 _aColosimo, Jean-François
_eauthor
700 1 0 _aToranian, Valérie
_eauthor
245 0 0 _aJean-François Colosimo. Jusqu’où ira la Turquie ?
260 _c2021.
500 _a65
786 0 _nRevue des deux Mondes | Mars | 2 | 2021-03-01 | p. 10-25 | 2266-4734
856 4 1 _uhttps://shs.cairn.info/revue-revue-des-deux-mondes-2021-2-page-10?lang=fr&redirect-ssocas=7080
999 _c1741309
_d1741309